| 000 | 00710nam a2200241 a 4500 | ||
|---|---|---|---|
| 001 | BRL_1900 | ||
| 005 | 20190320211426.0 | ||
| 008 | 130815s1945----mx-#######---#000-0#spa-# | ||
| 041 | _aspa | ||
| 044 | _amx | ||
| 050 | 4 |
_aF1221.Y3 _b.F33 1945 |
|
| 100 | 1 |
_aFabila, Alfonso _928036 |
|
| 245 | 1 | 0 |
_aLos indios yaquis de Sonora _cpor Alfonso Fabila. |
| 260 |
_aMéxico _bSecretaria de Educación Publica _c1945 |
||
| 300 |
_a87 p. _c20 cm. |
||
| 440 | 0 |
_aBiblioteca enciclopédica popular _v68 _928188 |
|
| 500 | _aAu2022 | ||
| 650 | 1 | 4 |
_aYaquis _xVida social y costumbres _928037 |
| 650 | 1 | 4 |
_aYaquis _xCondiciones sociales _928038 |
| 650 | 1 | 4 |
_aIndígenas de México _94678 |
| 902 | _aGRL | ||
| 942 |
_2lcc _cB |
||
| 999 |
_c10708 _d10708 |
||